000 00535nam a22001817a 4500
005 20170516122252.0
010 _aENG-118166
020 _a9788193223239
_c495.00
035 _aEN-101698
037 _bDBAD/PUB
082 _a485
100 _aK.K. Singh
245 _aEnglish grammar-level 4
_bA gem of the english grammar for all /
_cby K.K. Singh
260 _a Delhi
_bMaheshwari Prakashan
_c2016
270 _a911/7C, Faridabad-121006 Delhi/NCR
300 _a263P
_c24cm.(Pbk)
942 _2ddc
_cEN
_h485
_mKKS
999 _c139939
_d139939